Qué es esto? : catilinaria /
Guardado en:
| Autor Principal: | |
|---|---|
| Otros Autores: | |
| Formato: | Libro |
| Publicado: |
Buenos Aires :
Colihue,
2005
|
| Series: | Colección Los raros; No. 2
|
| Materias: | |
| Etiquetas: |
Agregar Etiqueta
Sin Etiquetas, Sea el primero en etiquetar este registro!
|
| LEADER | 01247nam a22002415a 4500 | ||
|---|---|---|---|
| 001 | CEM.cems012955 | ||
| 005 | 20080918080243.0 | ||
| 008 | 130507s2005##################000#0#####d | ||
| 003 | CEMS | ||
| 020 | |a 9505639015 | ||
| 082 | 0 | 4 | |a A864.4 |
| 100 | 1 | |a Martínez Estrada, Ezequiel | |
| 245 | 1 | 0 | |a Qué es esto? : |b catilinaria / |c Ezequiel Martínez Estrada ; estudio Preliminar de Fernando Alfón |
| 260 | |a Buenos Aires : |b Colihue, |c 2005 | ||
| 300 | |a 385 p. | ||
| 490 | 0 | |a Colección Los raros; No. 2 | |
| 505 | 0 | |a Libro I: Los espíritus elementales de la tierra (Fausto, de Goethe) -- Libro II: Fafner, Mime y los gnomos (El Anillo de los Nibelungos, de Wagner) -- Libro III: Koros, Hybris, Ate (Toynbee) -- Libro IV: Las vidas paralelas (Plutarco) -- Libro V: El destino es la política (Napoleón: Diálogo con Goethe) -- El hombre zoo político (Aristóteles) -- Libro IV: El capital y el trabajo o la lucha de clases (Manifiesto comunista, Marx-Engels) -- Libro VII: Los daimones del alma (El Yo y lo inconsciente, de Jung) | |
| 653 | |a Literatura | ||
| 653 | |a Literatura argentina | ||
| 653 | |a Ensayos | ||
| 653 | |a Ensayo argentino | ||
| 700 | 1 | |a Alfón, Fernando, pról. | |
| 859 | |a CEMS |b BIB. CEMS - 11 de abril |h A864.4 |i M366-9 |p 25261.08 |t Ej.1 | ||
